Visualizzazione normale
Vista MARC
- Perelli Luigi
di Personal Name
Records bibliografici associati: 1
001 - CONTROL NUMBER
- control field: 44935
003 - CONTROL NUMBER IDENTIFIER
- control field: IT-RoPau
005 - DATE AND TIME OF LATEST TRANSACTION
- control field: 20151129160751.0
008 - FIXED-LENGTH DATA ELEMENTS
- fixed length control field: 151129|| aca||aabn | a|a d
040 ## - CATALOGING SOURCE
- Original cataloging agency: IT-RoPau
- Transcribing agency: IT-RoPau
100 ## - HEADING--PERSONAL NAME
- Personal name: Perelli Luigi
- Relator term: (regista)
- Miscellaneous information: Codice regista SPICS: 30418
670 ## - SOURCE DATA FOUND
- Source citation: Work cat.: (IT-RoPau)106066: Perelli Luigi Codice regista SPICS: 30418 44930, PIOVRA 7 (LA). INDAGINE SULLA MORTE DEL COMMISSARIO CATTANI - 2 PIOVRA 7 (LA). INDAGINE SULLA MORTE DEL COMMISSARIO CATTANI - 2 (Rif. Codice opera principale : D0238)